Music Quiz

Random Music or Decade Quiz
Score 0/20 Timer 05:00
67 Plays Today
% Correct
Billie Jean
92.5%
Eye of the Tiger
91.7%
Footloose
85%
I Love Rock 'N Roll
83.3%
Don't Stop Believin'
82.4%
Wake Me Up Before You Go-Go
79.7%
Total Eclipse of the Heart
74.9%
Careless Whisper
71%
Walk Like an Egyptian
68.3%
With Or Without You
68.3%
% Correct
Livin' On a Prayer
68.2%
Girls Just Want To Have Fun
65.9%
Sweet Child O' Mine
65.3%
Jessie's Girl
63.8%
Pour Some Sugar On Me
61.7%
When Doves Cry
55.8%
Another One Bites the Dust
54.5%
I Want to Know What Love Is
52.4%
I Wanna Dance with Somebody (Who Loves Me)
43.9%
Take On Me
42.7%
Remove Ads.
Support Sporcle.
Get the best of Sporcle when you Go Orange. This ad-free experience offers more features, more stats, and more fun while also helping to support Sporcle. Thank you for becoming a member.

You're not logged in!

Compare scores with friends on all Sporcle quizzes.
OR
Log In

Show Comments

Extras

Top Quizzes Today


Score Distribution

Your Account Isn't Verified!

In order to create a playlist on Sporcle, you need to verify the email address you used during registration. Go to your Sporcle Settings to finish the process.

Report this User

Report this user for behavior that violates our Community Guidelines.

Details: